| 000 | 01379nam a2200349Ia 4500 | ||
|---|---|---|---|
| 001 | Z_245 | ||
| 003 | CHAP | ||
| 008 | 220113s9999 xx 000 0 und d | ||
| 010 | _a163219 | ||
| 020 | _a968-6046-65-8 | ||
| 040 | _cCHAP | ||
| 082 | _a576 P45 1982 | ||
| 100 | 1 |
_aPelczar, Michael J., Jr. _986613 |
|
| 245 |
_aMicrobiología / _cMichael J. Pelczar, Roger D. Reid y E. C. S. Chan; traducción Antonio Capella Bustos...[et al]; revición técnica Francisco García Torres...[et al] |
||
| 250 | _a2a ed. | ||
| 260 |
_aMéxico : _bMcGraw-Hill, _c |
||
| 300 | _axiv, 828 p. | ||
| 500 | _aTraducción de la obra en inglés: Microbiology de la 4a ed. en ingles de 1977 \ | ||
| 503 | _aej.1: s/n \ ej.2: C/E \ ej.3: 194986 \ ej.4: 194987 \ ej.5: 194989 \ ej.6: 194990 \ ej.7: 195330 \ ej.8: 195331 \ ej.11: reposición por el título: Brock, biología de los micoorganismos, 12a ed. de 2009) \ N. de Inventario no encontrados físicamente: 195329, 123563, 128805 | ||
| 650 |
_aMicrobiología _975490 |
||
| 650 |
_aMicroorganismos _975519 |
||
| 700 |
_a Capella Bustos, Antonio, tr. _9137514 |
||
| 700 |
_a Chan, E. C. S., coaut. _9137515 |
||
| 700 |
_a García Torres, Francisco, rev. _9137516 |
||
| 700 |
_aReid, Roger D., coaut. _9137517 |
||
| 901 | _a576 P45 1982 | ||
| 902 | _aM | ||
| 910 | _a | ||
| 942 | _c1 | ||
| 942 | _cc1 | ||
| 999 |
_c163219 _d163219 |
||